Southville International School and Colleges
Your cart is empty.
  • Cart
  • Lists
    Public lists Eva Luna New books Lux_list list_1
    Your lists Log in to create your own lists
  • Log in to your account
  • Your cookies
  • Search history
Southville International School and Colleges
  • Advanced search
  • Recent comments
  • Most popular
  • Libraries

Log in to your account

Log in with GOOGLE


If you do not have an external account, but do have a local account, you can still log in:

  1. Home
  2. MARC view: The summer riders :
Normal view MARC view ISBD view

The summer riders : (Record no. 10842)

[ view plain ]
MARC details
000 -LEADER
fixed length control field 00592nam a22002177a 4500
003 - CONTROL NUMBER IDENTIFIER
control field LC
005 - DATE AND TIME OF LATEST TRANSACTION
control field 20160308102820.0
008 - FIXED-LENGTH DATA ELEMENTS--GENERAL INFORMATION
fixed length control field 121115t xxu||||| |||| 00| 0 eng d
020 ## - INTERNATIONAL STANDARD BOOK NUMBER
International Standard Book Number 9780752509273
050 ## - LIBRARY OF CONGRESS CALL NUMBER
Classification number PS 3555
Item number .L533 1996
082 ## - DEWEY DECIMAL CLASSIFICATION NUMBER
Classification number FIC L53f
Item number 1996
100 ## - MAIN ENTRY--PERSONAL NAME
Personal name Leitch, Patricia
245 ## - TITLE STATEMENT
Title The summer riders :
Remainder of title night of the red horse
Statement of responsibility, etc Patricia Leitch
260 ## - PUBLICATION, DISTRIBUTION, ETC. (IMPRINT)
Place of publication, distribution, etc London
Name of publisher, distributor, etc Parragon
Date of publication, distribution, etc 1996
300 ## - PHYSICAL DESCRIPTION
Size of unit 17.8 cm.
Extent 255 pages.
440 ## - SERIES STATEMENT/ADDED ENTRY--TITLE
Title Pony stories.
650 ## - SUBJECT ADDED ENTRY--TOPICAL TERM
Topical term or geographic name as entry element English fiction -- Children's stories
942 ## - ADDED ENTRY ELEMENTS (KOHA)
Source of classification or shelving scheme Library of Congress Classification
Koha item type Books
Holdings
Withdrawn status Lost status Source of classification or shelving scheme Damaged status Home library Current library Shelving location Date acquired Total Checkouts Full call number Barcode Date last seen Copy number Price effective from Koha item type
    Library of Congress Classification   Luxembourg Library Luxembourg Library Fiction Section 09/17/2013   PS 3555 .L533 1996 4571 02/17/2017 2 09/17/2013 Books

The summer riders :

APA

Leitch P., . (1996). The summer riders. London: Parragon.

Chicago

Leitch Patricia, . 1996. The summer riders. London: Parragon.

Harvard

Leitch P., . (1996). The summer riders. London: Parragon.

MLA

Leitch Patricia, . The summer riders. London: Parragon. 1996.

  • Place hold
  • Print
  • Cite
  • Add to your cart (remove)
  • Save record
    BIBTEX Dublin Core MARCXML MARC (non-Unicode/MARC-8) MARC (Unicode/UTF-8) MARC (Unicode/UTF-8, Standard) MODS (XML) RIS
  • More searches
    Search for this title in:
    Other Libraries (WorldCat) Other Databases (Google Scholar) Online Stores (Bookfinder.com) Open Library (openlibrary.org)

Exporting to Dublin Core...

SOUTHVILLE LIBRARY

Southville International School and Colleges Library

1281 Tropical Ave. Cor. Luxembourg St., BF Homes International, Las Pinas City

Tel. No. 8256374 / 252358 Loc. 117/146

Powered by Koha